| 000 | 01825cam a22003854i 4500 | ||
|---|---|---|---|
| 003 | PE-LiUPU | ||
| 005 | 20250731184550.0 | ||
| 008 | 150625s r 000 0 d | ||
| 040 |
_aPE-LiUPU _bspa _cPE-LiUPU _erda |
||
| 082 | 0 | 4 |
_a989.902 _bP987v _223 |
| 100 | 1 |
_aPusso, Santiago, _eautor. |
|
| 245 | 1 | 0 |
_aViajes por mi tierra al Iguazú, a Nahuel Huapí, por las costas del sur / _cSantiago Pusso. |
| 264 | 1 |
_aBarcelona, Buenos Aires : _bCasa Editorial Maucci, _c[1912] |
|
| 300 |
_a333 páginas : _bilustrado, mapas ; _c19 centímetros. |
||
| 336 |
_atext _2rdacontent |
||
| 337 |
_aunmediated _2rdamedia |
||
| 338 |
_avolume _2rdacarrier |
||
| 505 | 0 | _aAl lector. - Al Iguazú. - Las ruinas de San Ignacio. - Cataratas del Iguazú. - A Nahuel Huapi. - Mendoza. - Valparaíso. - Santiago. - Concepción, Talcahuano y Coronel. - Lota. - Osorno. - Puerto Montt. - Puerto Varas y Lago Llanquihué. - Lago de Todos los Santos ó Esmeralda. - Boquete de Pérez Rosales. - Lago Frío. - Puerto Blest y San Carlos de Bariloche. - Nahuel Huapí. - Puertos Manzano y Rinconada. - Río Limay. - Lago Gutiérrez. - Corrales. - Valdivia. - Por las costas del sur. - Madryn. - Trelew. - Cabo Raso. - Camarones. - Mazaredo. - Cabo Blanco. - Deseado. - Bahía Laura. - San Julián. - Santa Cruz. - Gallegos. - Estrecho de Magallanes. - Punta Arenas. - Canal Beagle. - La Pataia. - Ushuaia. - Harberton. - Comodoro Rivadavia. | |
| 526 | _aP136 | ||
| 526 | _aP135 | ||
| 526 | _aP134 | ||
| 526 | _aP133 | ||
| 526 | _aP144 | ||
| 526 | _aP143 | ||
| 526 | _aP87 | ||
| 526 | _aP35 | ||
| 526 | _aP20 | ||
| 526 | _aP14 | ||
| 526 | _aP10 | ||
| 526 | _aP06 | ||
| 651 | 1 | 4 |
_aArgentina _xDescripciones y viajes. _94644 |
| 942 |
_2ddc _cBK |
||
| 980 |
_81 _gALBERTO SANCHEZ Responsable de Automatización |
||
| 999 |
_c41341 _d41341 |
||